000
00310nam a22001337a 4500
008
171024b xxu||||| |||| 00| 0 eng d
020
_a
020106376-X
041
_a
eng
080
_2
4TH
_a
311
100
_a
55
101
_a
STA
245
_a
FUNDAMENTALS OF BEHAVIORAL STATISTICS
_c
RUNYON,R.P
942
_2
udc
_c
BK
999
_c
35751
_d
35751